Festival širokého rozmachu

Bibliographic Details
Main Author: Štefko, Vladimír, 1942- (Author)
Format: Article
Language:Slovak
Subjects:

MARC

LEADER 00000nab a2200000 ar4500
001 vtls009007333
003 SK-MaSNL
005 20260303065438.0
008 070716c19760722xo |r|p|||||||000 b|slo
015 |a SNBRB2007/07  |2 snkbucl 
038 |a SNKBUCL 
040 |a SNKBUCL  |b slo  |c SNKBUCL  |e AACR2 
041 |a slo 
044 |a xo  |c SK 
080 |a 792.079  |2 1997 
100 1 |a Štefko, Vladimír,  |d 1942-  |4 aut  |9 103434 
245 1 0 |a Festival širokého rozmachu  |c Vladimír Štefko 
611 2 7 |a Festival divadlo pre deti  |n (  |d 1976 :  |c Šibenik, Chorvátsko)  |2 snkbucl  |9 1065508 
650 0 7 |a divadlo pre deti  |2 snkbucl  |9 16986 
651 7 |a Šibenik (Chorvátsko)  |2 snkbucl  |9 103862 
773 0 |t Smena  |g (22.7.1976), s. 6 
852 |a SNK  |b KIS3GCP 
999 |c 1751224  |d 1753154